Diplomák, doktorok
Elmentve itt :
| Dokumentumtípus: | Cikk |
|---|---|
| Megjelent: |
1974-06-23
|
| Sorozat: | Délmagyarország
64 No. 145 |
| Kulcsszavak: | Diplomaosztás |
| Online Access: | http://dmarchiv.bibl.u-szeged.hu/88694 |
| LEADER | 00389nab a2200145 i 4500 | ||
|---|---|---|---|
| 001 | delm88694 | ||
| 005 | 20190412133451.0 | ||
| 008 | 190412s1974 hu o 0|| hun d | ||
| 040 | |a SZTE Délmagyarország Archívum |b hun | ||
| 041 | |a hun | ||
| 245 | 0 | 0 | |a Diplomák, doktorok |h [elektronikus dokumentum] |
| 260 | |c 1974-06-23 | ||
| 300 | |a 3 | ||
| 490 | 0 | |a Délmagyarország |v 64 No. 145 | |
| 695 | |a Diplomaosztás | ||